المؤامرات السياسية في بلاد اليونان خلال العصرين الكلاسيكى والهللينستى / (Record no. 179497)

MARC details
000 -LEADER
fixed length control field 05311namaa22004211i 4500
003 - CONTROL NUMBER IDENTIFIER
control field OSt
005 - أخر تعامل مع التسجيلة
control field 20260418132003.0
008 - FIXED-LENGTH DATA ELEMENTS--GENERAL INFORMATION
fixed length control field 250827s2024 ua a|||frm||| 000 0 eng d
040 ## - CATALOGING SOURCE
Original cataloguing agency EG-GICUC
Language of cataloging ara
Transcribing agency EG-GICUC
Modifying agency EG-GICUC
Description conventions rda
041 0# - LANGUAGE CODE
Language code of text/sound track or separate title ara
Language code of summary or abstract ara
-- eng
049 ## - Acquisition Source
Acquisition Source إيداع
082 04 - DEWEY DECIMAL CLASSIFICATION NUMBER
Classification number 938.08
092 ## - LOCALLY ASSIGNED DEWEY CALL NUMBER (OCLC)
Classification number 938.08
Edition number 21
097 ## - Degree
Degree مــــاجستير
099 ## - LOCAL FREE-TEXT CALL NUMBER (OCLC)
Local Call Number Cai01.14.04.M.Sc.2024.عي.م
100 0# - MAIN ENTRY--PERSONAL NAME
Authority record control number or standard number ،عيسى صموئيل رومان عطية
Preparation إعداد.
245 12 - TITLE STATEMENT
Title المؤامرات السياسية في بلاد اليونان خلال العصرين الكلاسيكى والهللينستى /
Statement of responsibility, etc. إعداد عيسى صموئيل رومان عطية؛ إشراف أ.د / خالد غريب على احمد، د. ولاء مصطفى محمد.
246 15 - VARYING FORM OF TITLE
Title proper/short title Political plots in greece during the classical and hellenistic periods /
264 #0 - PRODUCTION, PUBLICATION, DISTRIBUTION, MANUFACTURE, AND COPYRIGHT NOTICE
Date of production, publication, distribution, manufacture, or copyright notice 2024.
300 ## - PHYSICAL DESCRIPTION
Extent 282 صفحة :
Other physical details إيضاحيات ؛
Dimensions 30 سم. +
Accompanying material CD.
336 ## - CONTENT TYPE
Content type term text
Source rda content
337 ## - MEDIA TYPE
Media type term Unmediated
Source rdamedia
338 ## - CARRIER TYPE
Carrier type term volume
Source rdacarrier
502 ## - DISSERTATION NOTE
Dissertation note أطروحة (ماجستير)-جامعة القاهرة، 2024.
504 ## - BIBLIOGRAPHY, ETC. NOTE
Bibliography, etc. note ببليوجرافيا: صفحات 260-268.
520 ## - SUMMARY, ETC.
Summary, etc. كان " نظام الحكم الملكي" في العصور الأولى لبلاد اليونان نظاماً سياسياً قائماً في "كريت" ثم انتقل هذا النظام إلى "ميكيني" شمال شرق البلوبونيز وتطور هذا النظام إلى " نظام الحكم الأرستقراطي" ثم إلي "نظام الحكم الأوليجاركي" ثم إلى " الحكم الطوراني" إلى أن وصل إلى "الحكم الديمقراطي". ولقد بدأت المؤامرات في "عصر الطغاة" في آرجوس على يد الطاغية "فيدون" وانتهت في كورنث على يد الطاغية "كوبسيلوس" ثم المؤامرات السياسية في العصر الكلاسيكي بدأت في مدن ساحل آسيه الصغرى على يد "أثينه" عندما حرضت المدن الأيونية على القيام بالثورة ضد الفرس وبرزت بشكل واضح في "أثينه" من خلال الأحداث الهامة في هذا العصر وهي "الحروب الفارسية الإغريقية" و "تكوين حلف ديلوس" و" الحروب البلوبونيزية" .
520 ## - SUMMARY, ETC.
Summary, etc. In the early ages of Greece, the "monarchy system" was a military system based in "Crete." Then this system moved to "Mycenae" north-east of the Peloponnese, and this system became the "aristocratic system of government," then to the " Oligarchy system of government," then to "Turanian rule." " until he reached "democratic rule." The plots began in the Era of Tyrants in Argus by the tyrant "Vedon" ended in Corinth by the tyrant Copsellus and then the political conspiracies of the classical era began in the smaller cities of the Aceh coast by "Athens" when Ionian cities instigated a revolution against the Persians and emerged clearly in "Athena" through the important events of this era, the "Persian-Greek Wars" The "Formation of the Delos Alliance" and the " Peloponnese Wars" then appeared Sparta on the stage of Greek politics after its victory over the Athens in the Peloponnese War, but it collapsed at the hands of Taiba, then Macedonian appeared and Taiba was defeated .She was able to subdue the Greek cities by Philip II in the biggest political achievement in history at his hands and was then assassinated to enter a new historical era, the Hellenistic era, which began with Alexander the Great's exit at the <br/>helicopter of his military campaigns towa rds the East of 334. The Lesser Asian, Syria, Egypt and the Persian Empire were to be subjected until 323 BC died. After his death, his successors' struggle over the empire resulted in the birth of three kingdoms: "The Macedonian Kingdom of Greece", "The Greeks Kingdom of Syria" and "The Kingdom ofP tolemies in Egypt" by Ptolemy I Sutter and then the plots became a systematic weapon in the era of the Ptolemaic weakness, causing the Romans to enter Egypt's affairs until Egypt became a Roman state after the seventh defeat of Cleopatra and Antonius in the Battle of Actium maritime 30 Bs. The Ptolemaic era ended with Cleopatra's suicide with a living poison and Caesarone's assassination by Octavianus 30 BC. Egypt became a Roman property. Crete - Mikini - Tyrants - Classic - Hellenistic-Ptolemy - As
530 ## - ADDITIONAL PHYSICAL FORM AVAILABLE NOTE
Issues CD صدر أيضًا كقرص مدمج.
546 ## - LANGUAGE NOTE
Text Language النص بالعربية والملخص باللغة الإنجليزية والعربية.
650 #7 - SUBJECT ADDED ENTRY--TOPICAL TERM
Topical term or geographic name entry element الحضارة اليونانية
Source of heading or term qrmak
653 #0 - INDEX TERM--UNCONTROLLED
Uncontrolled term كريت
-- ميكيني
-- الطغاة
700 0# - ADDED ENTRY--PERSONAL NAME
Personal name خالد غريب شاهين
Relator term مشرف أطروحة.
700 0# - ADDED ENTRY--PERSONAL NAME
Personal name ولاء مصطفى محمد
Relator term مشرف أطروحة.
900 ## - Thesis Information
Grant date 03-08-2024
Supervisory body خالد غريب شاهين
-- ولاء مصطفى محمد
Discussion body مني جبر عبد النبي
-- شهيرة عبد الحميد هاشم
Universities جامعة القاهرة
Faculties كلية الآثار
Department قسم الآثار اليونانية والرومانية
905 ## - Cataloger and Reviser Names
Cataloger Name Sara Salah
Reviser Names Afaf
942 ## - ADDED ENTRY ELEMENTS (KOHA)
Source of classification or shelving scheme Dewey Decimal Classification
Koha item type Thesis
Edition 21
Suppress in OPAC No
Holdings
Source of classification or shelving scheme Home library Current library Date acquired Inventory number Full call number Barcode Date last seen Effective from Koha item type
Dewey Decimal Classification المكتبة المركزبة الجديدة - جامعة القاهرة قاعة الرسائل الجامعية - الدور الاول 15.04.2026 33101 Cai01.14.04.M.Sc.2024.عي.م 01010100033101000 15.04.2026 15.04.2026 Thesis
Cairo University Libraries Portal Implemented & Customized by: Eng. M. Mohamady Contacts: new-lib@cl.cu.edu.eg | cnul@cl.cu.edu.eg
CUCL logo CNUL logo
© All rights reserved — Cairo University Libraries
CUCL logo
Implemented & Customized by: Eng. M. Mohamady Contact: new-lib@cl.cu.edu.eg © All rights reserved — New Central Library
CNUL logo
Implemented & Customized by: Eng. M. Mohamady Contact: cnul@cl.cu.edu.eg © All rights reserved — Cairo National University Library